| 000 | 00590cam a22002291 4500 | ||
|---|---|---|---|
| 001 | sa 67004496 | ||
| 003 | DLC | ||
| 005 | 20260227112347.0 | ||
| 008 | 890605s1967 ii b 000 0 hino | ||
| 010 | _asa 67004496 | ||
| 035 | _a(OCoLC)19820163 | ||
| 040 |
_aDLC _cWaU _dDLC |
||
| 042 | _apremarc | ||
| 050 | 0 | 0 |
_aPK2095.S8 _bS95 |
| 100 | 0 |
_aHar Gulal, _d1935- |
|
| 245 | 1 | 0 | _aSūrasāgara meṃ loka jīvana. |
| 260 | _c[1967] | ||
| 300 |
_a15, 188 p. _c22 cm. |
||
| 500 | _aIn Hindi. | ||
| 504 | _aBibliography: p. [176]-178. | ||
| 600 | 0 | 0 |
_aSūradāsa, _d1483?-1563? _tSūrasāgara |
| 999 |
_c74531 _d74531 |
||